Essays / (Record no. 81659)
[ view plain ]
| 000 -LEADER | |
|---|---|
| campo de control de longitud fija | 00883nam a2200181 i 4500 |
| 001 - NÚMERO DE CONTROL | |
| campo de control | 81659 |
| 003 - IDENTIFICADOR DE NÚMERO DE CONTROL | |
| campo de control | ES-MaACL |
| 005 - FECHA Y HORA DE LA ÚLTIMA TRANSACCIÓN | |
| campo de control | 20230906174501.0 |
| 007 - CAMPO FIJO DE DESCRIPCIÓN FÍSICA--INFORMACIÓN GENERAL | |
| campo de control de longitud fija | t| |
| 008 - DATOS DE LONGITUD FIJA--INFORMACIÓN GENERAL | |
| campo de control de longitud fija | 041105s1904 xxk ||||1| eng d |
| 100 1# - ENTRADA PRINCIPAL--NOMBRE DE PERSONA | |
| Nombre de persona | Huxley, Thomas Henry. |
| 9 (RLIN) | 64863 |
| 245 10 - MENCIÓN DEL TÍTULO | |
| Título | Essays / |
| Mención de responsabilidad, etc. | by Thomas H. Huxley. |
| 250 ## - MENCION DE EDICION | |
| Mención de edición | [1st ed., 4th repr.]. |
| 260 ## - PUBLICACIÓN, DISTRIBUCIÓN, ETC. | |
| Lugar de publicación, distribución, etc. | London : |
| Nombre del editor, distribuidor, etc. | Macmillan and Cº, |
| Fecha de publicación, distribución, etc. | 1904 ( |
| Lugar de fabricación/manufactura | Suffolk : |
| Fabricante | Richard Clay) |
| 300 ## - DESCRIPCIÓN FÍSICA | |
| Extensión | 9 v. ; |
| Dimensiones | 18 cm. |
| 505 8# - NOTA DE CONTENIDO CON FORMATO | |
| Nota de contenido con formato | Contiene: V. I: Method an results. -- V. II: Darwiniana. -- V. III: Science and Education. -- V. IV: Science and Hebrew. Tradition. -- V. V: Science and christian tradition. -- V. VI: Hume: with helps to the study of Berkeley. -- V. VII: Man's a place in nature and other anthropological essays. -- V. VIII: Discourses: Biological and Geological. -- V. IX: Evolution and Ethics and other essays |
| 852 ## - LOCALIZACIÓN | |
| Ubicación | ES-MaACL |
| Número de control de estantería | G-9842-50 |
| Estatus retirado | Estado de pérdida | Estado de daño | No para préstamo | Biblioteca de origen | Biblioteca actual | Ubicación en estantería | Fecha de adquisición | Fuente de adquisición | Total de préstamos | Signatura topográfica completa | Código de barras | Visto por última vez | Precio de reemplazo | Tipo de ítem Koha |
|---|---|---|---|---|---|---|---|---|---|---|---|---|---|---|
| Biblioteca del Ateneo de Madrid | Biblioteca del Ateneo de Madrid | Sala Pecera Planta 3 | 17/01/2008 | G-9842-50 | 1085354 | 23/02/2023 | 23/02/2023 | Libro impreso |
